| 000 | 00628nam a2200217 i 4500 | ||
|---|---|---|---|
| 001 | 133840 | ||
| 003 | ES-MaACL | ||
| 005 | 20230906194537.0 | ||
| 007 | t| | ||
| 008 | 070831s1957 xxk ||||1| eng d | ||
| 080 | _a16 | ||
| 100 | 1 |
_aBasson, A. H. _926338 |
|
| 245 | 1 | 0 |
_aIntroduction to symbolic logic / _cby A. H. Basson and D. J. O'Connor. |
| 250 | _a2nd ed. | ||
| 260 |
_aLondon : _bUniversity Tutorial Press, _c[1957] |
||
| 300 |
_a175 p. ; _c19 cm. |
||
| 500 | _aBiblioteca Jacinto Martínez Lacalle. | ||
| 650 | 4 |
_aLógica. _914693 |
|
| 700 | 1 |
_aO'Connor, D. J. _986304 |
|
| 852 |
_aES-MaACL _jE-12092 _bR.140028 |
||
| 999 |
_c133840 _d133840 |
||